Asia-European relations building blocks for global governance

Saved in:
Bibliographic Details
Other Authors: Ruland 1953-
Format: Book
Published: Abingdon, Oxon New York Routledge 2008
Subjects:
Tags: Add Tag
No Tags, Be the first to tag this record!
Call Number :D2010.5.A78 .A75 2008

MARC

LEADER 00000pam a2200000 4500
001 21176
003 MY-KLNDU
005 20241218080620.0
020 0 0 |a 9780415450577(hbk.) 
020 0 0 |a 0415450578(hbk.) 
020 0 0 |a 9780203930977(ebk.) 
020 0 0 |a 0203930975(ebk.) 
035 |a 0000032890 
039 9 |a 200911181326  |b VLOAD  |c 200911181137  |d VLOAD  |c 200911181131  |d VLOAD  |y 200910091703  |z VLOAD 
090 0 0 |a D2010.5.A78  |b .A75 2008 
245 0 0 |a Asia-European relations  |b building blocks for global governance  |c edited by Jurgen Ruland...[et al.] 
260 0 0 |a Abingdon, Oxon  |a New York  |b Routledge  |c 2008 
300 |a xvi,293p.  |b ill.  |c 24cm 
504 0 0 |a Includes bibliographical references 
591 |a 0000003939  |b 09/09/08  |c 0202-07  |d 1  |e RM520  |f 1  |g 520  |h Pustaka Darul Warisan Sdn. Bhd. 
591 |a 0000003476  |b 09/09/08  |c 0193-07  |d 1  |e GBP80  |f 6.21  |g 496.9  |h Pustaka Darul Warisan Sdn. Bhd. 
592 |a 00002118  |b 01/12/08  |c RM460.64  |d 1  |e 460.64 
651 0 0 |a Europe  |x relations  |z Asia 
651 0 0 |a Asia  |x Relations  |z Europe 
700 1 1 |a Ruland  |h Jurgen  |c 1953- 
999 |a vtls000030622  |c 21176  |d 21176